000 00561nam a2200205 a 4500
003 OSt
005 20151116102842.0
008 020226s1995 esp 0011 spa d
020 _a84-226-4515-7
040 _cBMC
082 _a813.5
100 1 _aGordon, Noah‏
_936741
245 1 0 _aChamán
_cNoah Gordon ; [traducción, Elsa Mateo]
260 _aBarcelona
_bCírculo de lectores
_cD.L.1995
300 _a621 p.
_c21 cm
595 _aTraducción de: Shaman
650 2 4 _917595
_aNovela norteamericana
700 1 _926104
_aMateo, Elsa
942 _2ddc
_cBK
999 _c23493
_d23493